| 000 | 00612nam a2200217 a 4500 | ||
|---|---|---|---|
| 001 | 65449 | ||
| 003 | BD-RjUL | ||
| 005 | 20211209081428.0 | ||
| 008 | 170306s1953 enka|||| |||| 001 0 eng d | ||
| 035 | _a(BD-RjUL) 65579 | ||
| 040 |
_aBD-RjUL _beng _cBD-RjUL _dBD-RjUL |
||
| 041 | _aeng | ||
| 082 |
_223 _a940 _bHAM 1953 |
||
| 100 |
_aHayes, Carlton J H _9189284 |
||
| 245 |
_aModern Europe to 1870 / _cCarlton J H Hayes |
||
| 260 |
_aNew York : _bThe Macmillan company, _cc 1953 |
||
| 300 |
_axii, 837 p. : _bill. ; _c22 cm |
||
| 500 | _aIncludes index | ||
| 651 |
_aEurope _v History. _9190255 |
||
| 942 |
_2ddc _cBK |
||
| 999 |
_c65449 _d65449 |
||